000 00562nam a2200205 i 4500
001 16726
003 ES-MaACL
005 20240228152547.0
007 t|
008 001027s2000 sp ||||1| spa d
020 _a84-921721-4-2
080 _a058.7(460)
245 0 0 _aQuién es quién en España.
260 _aAlcobendas (Madrid) :
_bCampillo,
_c2000.
300 _a1406 p. ;
_c19 cm.
650 1 4 _aEspañoles-
_yS.XX-
_xBiografías.
_912480
651 4 _aEspaña-
_vDirectorios
_98188
852 _aES-MaACL
_jL-23783
_bR.129153
999 _c16726
_d16726